00825pam a2200229 a 4500001000500000005001700005020001700022040002300039050002600062082001200088100002700100245007900127250001800206260003400224300004000258505000800298520019600306521002000502521002000522650002600542650002700568118020231124102506.0 a078073002757 aDLCcDLCdDLCbeng00aPZ7.M3567585bTe 198800aFic2191 aMartin, Ann M.,d1955-10aTen kids, no pets /cAnn M. Martin. by the author of The Baby-sitters club aFirst Edition aNew York :bScholastic,c1988 a174 pages :c20 cmbIllustrations ; aR  aThe ten Rosso children, spaced a year apart and named alphabetically, find their life rambunctious and exciting when their family leaves New York City for a big old farmhouse and new friends. a700 bLexile  aR bRaz-Plus  1aFamily lifexFiction. 1aCountry lifexFiction.